|
|
|
|
| LEADER |
01305nam a2200253 a 4500 |
| 001 |
4371 |
| 003 |
BD-DhAAL |
| 005 |
20190313103325.0 |
| 008 |
141231r1991 bg d f000 0 ben d |
| 999 |
|
|
|c 33371
|d 33371
|
| 040 |
|
|
|a DB-DhAAL
|c DB-DhAAL
|
| 041 |
0 |
|
|a ben
|
| 082 |
0 |
0 |
|a 491.44321
|2 22
|
| 245 |
1 |
0 |
|a সংসদ বাঙ্গালা অভিধান /
|c শৈলেন্দ্র বিশ্বাস সঙ্কলিত, শশিভূষণ দাশগুপ্ত এবং শ্রীদীনেশচন্দ্র ভট্টাচার্য
|
| 260 |
|
|
|a কলিকাতা :
|b সাহিত্য সংসদ,
|c ১৯৯১ [নবম র্মুদ্রণ]
|
| 300 |
|
|
|a ৮১১ পৃ. ;
|c ২২ সে.মি.
|
| 541 |
1 |
|
|e 4371
|
| 650 |
|
0 |
|a Bengali language
|x Dictionaries
|x Bengali.
|9 7064
|
| 700 |
1 |
|
|a বিশ্বাস, শৈলেন্দ্র
|9 7065
|
| 700 |
1 |
|
|a দাশগুপ্ত, শশিভূষণ
|9 7066
|
| 700 |
1 |
|
|a ভট্টাচার্য, শ্রীদীনেশচন্দ্র
|9 7067
|
| 852 |
4 |
|
|a Ayesha Abed Library
|j General Shelf.
|
| 942 |
|
|
|2 ddc
|c BK
|
| 952 |
|
|
|0 0
|1 0
|2 ddc
|4 0
|6 491_443210000000000_SAM
|7 0
|9 44585
|a BRACUL
|b BRACUL
|c REF
|d 2014-12-31
|g 125.00
|l 0
|o 491.44321 SAM
|p 3010004371
|r 2014-12-31
|t 1
|w 2014-12-31
|y BK
|